Ricostruisci la Carriera del Calciatore - Goran Pandev - Statistics

Statistiche generali
  • Questo quiz è stato fatto 20 volte
  • Il punteggio medio è 4 su 10
Statistiche sulle risposte
Hint Risposta % Corretto
2000-2001 Belasica
75%
2015-2022 Genoa
58%
2003-2004 Ancona
50%
2011-2014 Napoli
50%
2010-2011 Inter
42%
2014-2015 Galatasaray
33%
2022 Parma
33%
2004-2009 Lazio
25%
2002-2003 Spezia
25%
2001-2002 Inter
8%
Nessun quiz corrispondente trovato
Distribuzione punteggi
Percentuale di utenti per punteggio
Percentile per numero di risposta
I tuoi punteggi nel tempo
Non hai fatto questo quiz